[Event "2. Bundesliga West 2019/20"]
[Site "Hotel Montfort, Galuragasse 7, 6800 Fekdkirch"]
[Date "2019.11.24"]
[Round "5"]
[Board "6"]
[White "Kriechbaum, Paul"]
[Black "Kalcher, Mathias"]
[Result "0-1"]
[WhiteElo "1805"]
[BlackElo "2138"]
[PlyCount "108"]
[EventDate "2019.10.04"]
[EventType "team"]
[EventRounds "11"]
[EventCountry "AUT"]
[WhiteTeam "Sparkasse Neumarkt"]
[BlackTeam "Wolfurt"]

1. c4 g6 2. Nc3 c5 3. Nf3 Bg7 4. e3 Nf6 5. Qc2 O-O 6. Be2 Nc6 7. a3 d5 8. cxd5
Nxd5 9. O-O b6 10. d3 Bb7 11. Bd2 Rc8 12. Rac1 Qd7 13. Nxd5 Qxd5 14. Bc3 e5 15.
Rfd1 Nd4 16. Bxd4 cxd4 17. Qb1 dxe3 18. fxe3 Bh6 19. e4 Qb5 20. Rc4 Rfd8 21. b3
Rxc4 22. dxc4 Qc5+ 23. Kf1 Rxd1+ 24. Bxd1 Qxa3 25. Bc2 Qd6 26. Qd1 Qxd1+ 27.
Bxd1 Bxe4 28. Nxe5 Bf4 29. Ng4 Kg7 30. Nf2 Bb7 31. g3 Bd6 32. Bc2 f5 33. Nd3 a5
34. Ke2 Kf6 35. Ke3 g5 36. Bb1 h5 37. Bc2 Bc5+ 38. Nxc5 bxc5 39. h4 Bc6 40. Bd1
Be8 41. Bf3 gxh4 42. gxh4 Ke5 43. Bd1 f4+ 44. Kf2 Ke4 45. Be2 Kd4 46. Kf3 Kc3
47. Kxf4 Kxb3 48. Kg5 a4 49. Bxh5 Bxh5 50. Kxh5 a3 51. Kg6 a2 52. h5 a1=Q 53.
h6 Kxc4 54. Kh7 Kd5  0-1

[Event "2. Bundesliga West 2019/20"]
[Site "Hotel Montfort, Galuragasse 7, 6800 Fekdkirch"]
[Date "2019.11.24"]
[Round "5"]
[Board "1"]
[White "Breder, Dennis"]
[Black "Burschowsky, Matthias"]
[Result "1-0"]
[WhiteElo "2464"]
[BlackElo "2249"]
[PlyCount "53"]
[EventDate "2019.10.04"]
[EventType "team"]
[EventRounds "11"]
[EventCountry "AUT"]
[WhiteTeam "Hohenems II"]
[BlackTeam "ASK Salzburg"]

1. e4 c5 2. Nf3 g6 3. c3 Bg7 4. d4 cxd4 5. cxd4 d5 6. e5 Bg4 7. Bb5+ Nd7 8. O-O
e6 9. Nbd2 a6 10. Ba4 Ne7 11. h3 Bxf3 12. Nxf3 O-O 13. Bg5 h6 14. Bd2 b5 15.
Bc2 Nc6 16. Rc1 Qb6 17. Be3 Rac8 18. h4 Qa5 19. Bb1 Rc7 20. h5 f6 21. hxg6 fxe5
22. Nxe5 Ndxe5 23. dxe5 Nxe5 24. Qh5 Rxc1 25. Rxc1 Qb4 26. Bxh6 Qxb2 27. Be3
 1-0

[Event "2. Bundesliga West 2019/20"]
[Site "Hotel Montfort, Galuragasse 7, 6800 Fekdkirch"]
[Date "2019.11.24"]
[Round "5"]
[Board "2"]
[White "Scheiblmaier, Robert"]
[Black "Henrichs, Thomas"]
[Result "0-1"]
[WhiteElo "2177"]
[BlackElo "2440"]
[PlyCount "80"]
[EventDate "2019.10.04"]
[EventType "team"]
[EventRounds "11"]
[EventCountry "AUT"]
[WhiteTeam "ASK Salzburg"]
[BlackTeam "Hohenems II"]

1. d4 Nf6 2. c4 e6 3. g3 d5 4. Bg2 Be7 5. Nf3 O-O 6. O-O dxc4 7. Qc2 b6 8. Qxc4
Bb7 9. Bg5 Nbd7 10. Rd1 Nd5 11. Bxe7 Qxe7 12. Nc3 c5 13. Rac1 Rfd8 14. Qd3 Nxc3
15. bxc3 Rac8 16. Ng5 Nf6 17. Bxb7 Qxb7 18. Qf3 Qxf3 19. Nxf3 Ne4 20. Kf1 f6
21. e3 Kf7 22. Ke1 Ke7 23. Nd2 Nxd2 24. Kxd2 e5 25. Kd3 Ke6 26. a4 Rc7 27. g4
Rcd7 28. Ke4 g6 29. a5 b5 30. f4 f5+ 31. gxf5+ gxf5+ 32. Kf3 exd4 33. cxd4 cxd4
34. Rc6+ Rd6 35. Rc5 Rd5 36. Rxd5 Rxd5 37. exd4 b4 38. a6 Rb5 39. Ke3 b3 40.
Kd3 b2  0-1

[Event "2. Bundesliga West 2019/20"]
[Site "Hotel Montfort, Galuragasse 7, 6800 Fekdkirch"]
[Date "2019.11.24"]
[Round "5"]
[Board "3"]
[White "Novkovic, Milan"]
[Black "Herrmann, Michael"]
[Result "1-0"]
[WhiteElo "2357"]
[BlackElo "2123"]
[PlyCount "55"]
[EventDate "2019.10.04"]
[EventType "team"]
[EventRounds "11"]
[EventCountry "AUT"]
[WhiteTeam "Hohenems II"]
[BlackTeam "ASK Salzburg"]

1. Nf3 d5 2. g3 Nf6 3. Bg2 c6 4. O-O Bf5 5. d3 h6 6. c4 e6 7. cxd5 exd5 8. Qb3
Qb6 9. Qc2 Nbd7 10. Nc3 Be7 11. e4 dxe4 12. dxe4 Bh7 13. Be3 Qc7 14. Rad1 O-O
15. Nd4 Rfd8 16. Qe2 a6 17. Bf4 Qa5 18. e5 Nd5 19. Bxd5 cxd5 20. Nb3 Qb6 21.
Nxd5 Qe6 22. Nc7 Qh3 23. e6 Nf6 24. exf7+ Kxf7 25. Qc4+ Kg6 26. Nxa8 Ng4 27.
Qe4+ Kf7 28. Qg2  1-0

[Event "2. Bundesliga West 2019/20"]
[Site "Hotel Montfort, Galuragasse 7, 6800 Fekdkirch"]
[Date "2019.11.24"]
[Round "5"]
[Board "4"]
[White "Wollrab, Richard"]
[Black "Novkovic, Julia"]
[Result "0-1"]
[WhiteElo "2107"]
[BlackElo "2146"]
[PlyCount "124"]
[EventDate "2019.10.04"]
[EventType "team"]
[EventRounds "11"]
[EventCountry "AUT"]
[WhiteTeam "ASK Salzburg"]
[BlackTeam "Hohenems II"]

1. d4 g6 2. e4 Bg7 3. Nc3 d6 4. f4 c6 5. Nf3 Bg4 6. Be2 Qb6 7. e5 Nh6 8. Ne4
O-O 9. c3 Rd8 10. h3 Bxf3 11. Bxf3 c5 12. dxc5 dxc5 13. Qe2 Nf5 14. g4 Nh4 15.
O-O Nxf3+ 16. Rxf3 Qa6 17. Qf2 Rd1+ 18. Kg2 Nd7 19. Re3 Qc6 20. Qf3 Qd5 21. Nf2
Qxf3+ 22. Kxf3 Rd5 23. Re1 g5 24. e6 fxe6 25. Rxe6 gxf4 26. Rxe7 Rf8 27. Re4
Ne5+ 28. Kg2 Ng6 29. Rb1 b6 30. c4 Rd7 31. b3 Nh4+ 32. Kf1 Bh6 33. Rb2 Nf3 34.
Kg2 Nd4 35. Kf1 Nf3 36. Kg2 Nh4+ 37. Kf1 Ng6 38. Rc2 Rfd8 39. Kg2 Bg5 40. Kf1
Bh6 41. h4 Nxh4 42. Bxf4 Bxf4 43. Rxf4 Rd2 44. Rxd2 Rxd2 45. g5 Ng6 46. Rf6 Kg7
47. Ng4 Rd4 48. Ne3 Rf4+ 49. Rxf4 Nxf4 50. Nf5+ Kg6 51. Nd6 Nd3 52. Nc8 Nc1 53.
Nxa7 Nxa2 54. Nc8 Nc1 55. Nxb6 Nxb3 56. Na4 Kxg5 57. Ke2 Kf4 58. Kd3 h5 59. Kc3
h4 60. Kxb3 h3 61. Nxc5 h2 62. Nd3+ Ke3  0-1

[Event "2. Bundesliga West 2019/20"]
[Site "Hotel Montfort, Galuragasse 7, 6800 Fekdkirch"]
[Date "2019.11.24"]
[Round "5"]
[Board "5"]
[White "Lins, Philipp"]
[Black "Flatz, Helmut"]
[Result "1/2-1/2"]
[WhiteElo "2130"]
[BlackElo "1877"]
[PlyCount "82"]
[EventDate "2019.10.04"]
[EventType "team"]
[EventRounds "11"]
[EventCountry "AUT"]
[WhiteTeam "Hohenems II"]
[BlackTeam "ASK Salzburg"]

1. Nf3 g6 2. g3 Bg7 3. Bg2 d5 4. d4 Nf6 5. O-O O-O 6. b3 b6 7. Bb2 Bb7 8. c4 c6
9. Nc3 e6 10. Qd3 Nbd7 11. Rfd1 Re8 12. Rac1 a6 13. a4 Rc8 14. e3 Qe7 15. Qb1
Red8 16. Qa1 Ba8 17. Ba3 Qe8 18. cxd5 cxd5 19. b4 Bb7 20. b5 Bf8 21. Bf1 a5 22.
Rd2 Bxa3 23. Qxa3 Qf8 24. Qa1 Qd6 25. Rdc2 h6 26. h4 Kh7 27. Ne2 Kg7 28. Nf4
Ne4 29. Nd3 f6 30. Bh3 g5 31. hxg5 hxg5 32. Rxc8 Rxc8 33. Rxc8 Bxc8 34. Qc1 Bb7
35. Nh2 Nf8 36. Bg2 Qd7 37. Nf1 Nd6 38. Nd2 Qc8 39. Qa3 Qc7 40. Bh3 Kf7 41. Qb3
Ne4  1/2-1/2

[Event "2. Bundesliga West 2019/20"]
[Site "Hotel Montfort, Galuragasse 7, 6800 Fekdkirch"]
[Date "2019.11.24"]
[Round "5"]
[Board "6"]
[White "Moerwald, Magdalena"]
[Black "Kienboeck, Benjamin"]
[Result "0-1"]
[WhiteElo "1820"]
[BlackElo "1968"]
[PlyCount "56"]
[EventDate "2019.10.04"]
[EventType "team"]
[EventRounds "11"]
[EventCountry "AUT"]
[WhiteTeam "ASK Salzburg"]
[BlackTeam "Hohenems II"]

1. e4 c5 2. Nf3 d6 3. d4 cxd4 4. Qxd4 Nc6 5. Bb5 Bd7 6. Bxc6 Bxc6 7. Nc3 Nf6 8.
Bg5 e6 9. O-O-O Be7 10. Rhe1 O-O 11. e5 Nd5 12. Bxe7 Qxe7 13. Nxd5 Bxd5 14. Qb4
Rfd8 15. Kb1 Qc7 16. c4 Qxc4 17. Qxc4 Bxc4 18. Rxd6 Rxd6 19. exd6 Rd8 20. Ne5
Bd5 21. Rc1 f6 22. d7 Kf8 23. Rc8 Ke7 24. Ng4 Bxg2 25. Rc4 Rxd7 26. Ne3 Bc6 27.
Kc2 f5 28. Rh4 h6  0-1

[Event "2. Bundesliga West 2019/20"]
[Site "Hotel Montfort, Galuragasse 7, 6800 Fekdkirch"]
[Date "2019.11.24"]
[Round "5"]
[Board "2"]
[White "Kondrak, Christoph"]
[Black "Ruecker, Benjamin"]
[Result "1-0"]
[WhiteElo "2085"]
[BlackElo "2238"]
[PlyCount "129"]
[EventDate "2019.10.04"]
[EventType "team"]
[EventRounds "11"]
[EventCountry "AUT"]
[WhiteTeam "Rochade/Rum"]
[BlackTeam "Schwarzach"]

1. d4 Nf6 2. Nf3 g6 3. Bf4 Bg7 4. e3 O-O 5. h3 d6 6. Be2 Nbd7 7. O-O b6 8. c4
Bb7 9. Nc3 Ne4 10. Nxe4 Bxe4 11. Qd2 e5 12. Bg3 Qe7 13. Rad1 Rad8 14. Bh4 f6
15. Ne1 g5 16. Bg3 f5 17. f3 Bb7 18. d5 a5 19. e4 f4 20. Bf2 h5 21. a3 Nf6 22.
b4 axb4 23. axb4 Bc8 24. c5 bxc5 25. bxc5 g4 26. cxd6 cxd6 27. Bb6 Rd7 28. Rb1
Rb7 29. Qa5 gxh3 30. Ba6 Rb8 31. Bxc8 Rfxc8 32. gxh3 Nd7 33. Ng2 Kh7 34. Bf2
Ra8 35. Qd2 Bf6 36. Rb7 Rg8 37. Rc1 Rg7 38. Rcc7 Qe8 39. Kh2 Bd8 40. Rc1 Ra3
41. Qe2 h4 42. Rg1 Be7 43. Ne1 Rxg1 44. Kxg1 Ra5 45. Ng2 Nc5 46. Rc7 Qd8 47.
Rc6 Nb3 48. Qb2 Rb5 49. Qc2 Rb7 50. Rc8 Qa5 51. Qc6 Qa1+ 52. Ne1 Nc5 53. Qe8
Bf6 54. Qh5+ Kg7 55. Qh8+ Kg6 56. Rg8+ Rg7 57. Bxh4 Qd4+ 58. Kh2 Qb2+ 59. Ng2
Qb7 60. Bxf6 Rxg8 61. Qxg8+ Kxf6 62. Qf8+ Kg5 63. Qxd6 Nd3 64. h4+ Kh5 65. Qf6
 1-0

[Event "2. Bundesliga West 2019/20"]
[Site "Hotel Montfort, Galuragasse 7, 6800 Fekdkirch"]
[Date "2019.11.24"]
[Round "5"]
[Board "3"]
[White "Roeberg, Frank"]
[Black "Moritz, Christian"]
[Result "1/2-1/2"]
[WhiteElo "2194"]
[BlackElo "2063"]
[PlyCount "73"]
[EventDate "2019.10.04"]
[EventType "team"]
[EventRounds "11"]
[EventCountry "AUT"]
[WhiteTeam "Schwarzach"]
[BlackTeam "Rochade/Rum"]

1. e4 e6 2. Nf3 d5 3. Nc3 Nf6 4. e5 Nfd7 5. d4 c5 6. dxc5 Nc6 7. Bf4 Bxc5 8.
Bd3 f6 9. exf6 Nxf6 10. Qe2 O-O 11. O-O-O a6 12. Ne5 Bd6 13. Kb1 Qc7 14. Nxc6
bxc6 15. Bxd6 Qxd6 16. g4 g6 17. h4 e5 18. f3 Qc7 19. Rdg1 Kh8 20. h5 g5 21. h6
e4 22. fxe4 d4 23. e5 Bxg4 24. Rxg4 Nxg4 25. Ne4 Nxe5 26. Nxg5 Nxd3 27. Qxd3 c5
28. Ne6 Qc6 29. Re1 Rf3 30. Qd2 Rg8 31. b4 Rf6 32. bxc5 Rb8+ 33. Kc1 Qd5 34.
Qxd4 Qxd4 35. Nxd4 Rxh6 36. c6 Rd6 37. c3  1/2-1/2

[Event "2. Bundesliga West 2019/20"]
[Site "Hotel Montfort, Galuragasse 7, 6800 Fekdkirch"]
[Date "2019.11.24"]
[Round "5"]
[Board "4"]
[White "Jedinger, Andreas"]
[Black "Hecht, Hans-Joachim"]
[Result "1-0"]
[WhiteElo "2092"]
[BlackElo "2311"]
[PlyCount "45"]
[EventDate "2019.10.04"]
[EventType "team"]
[EventRounds "11"]
[EventCountry "AUT"]
[WhiteTeam "Rochade/Rum"]
[BlackTeam "Schwarzach"]

1. e4 g6 2. d4 Bg7 3. Nf3 d6 4. Be2 Nd7 5. O-O e5 6. c3 Ngf6 7. Bd3 O-O 8. h3
d5 9. Nbd2 exd4 10. e5 Nh5 11. cxd4 c5 12. Re1 Nf4 13. Bf1 Ne6 14. dxc5 Qc7 15.
Nb3 Rd8 16. Qxd5 Nxe5 17. Qe4 Nxc5 18. Nxc5 Nxf3+ 19. Qxf3 Qxc5 20. Be3 Qf5 21.
Rad1 Bf6 22. Rxd8+ Bxd8 23. Bd4  1-0

[Event "2. Bundesliga West 2019/20"]
[Site "Hotel Montfort, Galuragasse 7, 6800 Fekdkirch"]
[Date "2019.11.24"]
[Round "5"]
[Board "5"]
[White "Ljubic, Juro"]
[Black "Berchtold, Clemens"]
[Result "1-0"]
[WhiteElo "2162"]
[BlackElo "2050"]
[PlyCount "41"]
[EventDate "2019.10.04"]
[EventType "team"]
[EventRounds "11"]
[EventCountry "AUT"]
[WhiteTeam "Schwarzach"]
[BlackTeam "Rochade/Rum"]

1. e4 d6 2. d4 Nf6 3. Nc3 e5 4. dxe5 dxe5 5. Qxd8+ Kxd8 6. Bc4 Ke8 7. Nf3 Bd6
8. O-O Nbd7 9. Re1 a6 10. a3 b6 11. Bd2 Bb7 12. Rad1 h6 13. Nd5 Kf8 14. Bb4 Ne8
15. Nxc7 Rc8 16. Nxe8 Bxb4 17. axb4 Kxe8 18. Bxf7+ Ke7 19. Bb3 Rhf8 20. Nh4 Rf6
21. Nf5+  1-0

[Event "2. Bundesliga West 2019/20"]
[Site "Hotel Montfort, Galuragasse 7, 6800 Fekdkirch"]
[Date "2019.11.24"]
[Round "5"]
[Board "6"]
[White "Kranebitter, Gerhard"]
[Black "Stoeckl, Norbert"]
[Result "1/2-1/2"]
[WhiteElo "2032"]
[BlackElo "2054"]
[PlyCount "61"]
[EventDate "2019.10.04"]
[EventType "team"]
[EventRounds "11"]
[EventCountry "AUT"]
[WhiteTeam "Rochade/Rum"]
[BlackTeam "Schwarzach"]

1. e4 c5 2. Nf3 e6 3. c3 d5 4. e5 d4 5. Bd3 Ne7 6. Qe2 Nd5 7. Qe4 Nc6 8. Na3 g5
9. h4 f5 10. exf6 Nxf6 11. Qe2 g4 12. Ng5 Qe7 13. Bc4 e5 14. Bf7+ Kd8 15. Bc4
Kc7 16. d3 Bd7 17. Nb5+ Kb8 18. Nf7 Rg8 19. Nxe5 Nxe5 20. Bf4 Bxb5 21. Qxe5+
Qxe5+ 22. Bxe5+ Kc8 23. Bxb5 Bg7 24. cxd4 a6 25. Bc4 Re8 26. O-O cxd4 27. Bxd4
b5 28. Bb3 Rb8 29. Rac1+ Kb7 30. Bxf6 Bxf6 31. Bd5+  1/2-1/2

[Event "2. Bundesliga West 2019/20"]
[Site "Hotel Montfort, Galuragasse 7, 6800 Fekdkirch"]
[Date "2019.11.24"]
[Round "5"]
[Board "1"]
[White "De Visser, Leon"]
[Black "Shengelia, David"]
[Result "0-1"]
[WhiteElo "2224"]
[BlackElo "2531"]
[PlyCount "60"]
[EventDate "2019.10.04"]
[EventType "team"]
[EventRounds "11"]
[EventCountry "AUT"]
[WhiteTeam "Royal Salzburg"]
[BlackTeam "Absam"]

1. d4 Nf6 2. Bf4 c5 3. d5 d6 4. Nc3 a6 5. a4 e5 6. Bd2 Bf5 7. g3 Ne4 8. Bg2
Nxd2 9. Qxd2 Be7 10. e4 Bg6 11. h4 h6 12. Nd1 f5 13. exf5 Bxf5 14. Ne3 Bh7 15.
Ne2 O-O 16. Nc3 Nd7 17. Be4 Bxe4 18. Nxe4 Nf6 19. Qd3 Qd7 20. a5 Rf7 21. Rf1
Raf8 22. Ra3 Nxe4 23. Qxe4 Qb5 24. Nd1 c4 25. Ra2 Bd8 26. Ne3 Bxa5+ 27. c3 Bb6
28. Nxc4 Bxf2+ 29. Ke2 Rc8 30. Rxf2 Rxc4  0-1

[Event "2. Bundesliga West 2019/20"]
[Site "Hotel Montfort, Galuragasse 7, 6800 Fekdkirch"]
[Date "2019.11.24"]
[Round "5"]
[Board "2"]
[White "Lehner, Oliver"]
[Black "Durakovic, Alman"]
[Result "1/2-1/2"]
[WhiteElo "2412"]
[BlackElo "2292"]
[PlyCount "108"]
[EventDate "2019.10.04"]
[EventType "team"]
[EventRounds "11"]
[EventCountry "AUT"]
[WhiteTeam "Absam"]
[BlackTeam "Royal Salzburg"]

1. Nf3 c5 2. c4 b6 3. g3 Bb7 4. Bg2 Nf6 5. Nc3 e6 6. O-O Be7 7. d4 cxd4 8. Qxd4
O-O 9. Rd1 Nc6 10. Qf4 d6 11. e4 Qb8 12. b3 Rd8 13. Bb2 a6 14. Qe3 b5 15. Rab1
bxc4 16. bxc4 Na5 17. Nd2 Qc7 18. Ba3 Rab8 19. Qe2 Nd7 20. Rdc1 Ne5 21. Nd1 Ba8
22. Rxb8 Qxb8 23. Ne3 Qa7 24. Kh1 Rb8 25. f4 Nd7 26. e5 Bxg2+ 27. Nxg2 Nc5 28.
exd6 Bxd6 29. Qe3 Qc7 30. Qc3 Bf8 31. Bxc5 Qxc5 32. h4 Nc6 33. Nb3 Qf5 34. Kh2
e5 35. c5 a5 36. fxe5 Nxe5 37. Nd4 Qe4 38. Rf1 Rb4 39. Rf4 Qd3 40. Qe1 Ng6 41.
Nc6 Nxf4 42. Nxb4 Nxg2 43. Nxd3 Nxe1 44. c6 Bd6 45. Nxe1 Kf8 46. Nc2 Ke7 47.
Nd4 Kd8 48. Nb5 Be5 49. h5 g6 50. hxg6 fxg6 51. Kh3 Ke7 52. g4 h6 53. Kg2 a4
54. Kf3 h5  1/2-1/2

[Event "2. Bundesliga West 2019/20"]
[Site "Hotel Montfort, Galuragasse 7, 6800 Fekdkirch"]
[Date "2019.11.24"]
[Round "5"]
[Board "3"]
[White "Goldbeck, Lars"]
[Black "Tica, Sven"]
[Result "1/2-1/2"]
[WhiteElo "2203"]
[BlackElo "2418"]
[PlyCount "117"]
[EventDate "2019.10.04"]
[EventType "team"]
[EventRounds "11"]
[EventCountry "AUT"]
[WhiteTeam "Royal Salzburg"]
[BlackTeam "Absam"]

1. d4 Nf6 2. c4 e6 3. Nc3 d5 4. cxd5 exd5 5. Bg5 c6 6. e3 h6 7. Bh4 Be6 8. Bd3
Nbd7 9. Qc2 g5 10. Bg3 Nh5 11. Nf3 Nxg3 12. hxg3 Bg7 13. O-O-O O-O 14. Kb1 Re8
15. Ka1 a5 16. Bf5 Qf6 17. g4 Bf8 18. Bxe6 Rxe6 19. Ne2 Bd6 20. Rh5 Qg6 21. Qf5
Nf6 22. Qxg6+ fxg6 23. Rxh6 Nxg4 24. Nxg5 Rf6 25. Nh7 Rxf2 26. Rxg6+ Kf7 27.
Rxg4 Rxe2 28. Rf1+ Ke6 29. Rg6+ Kd7 30. Nf6+ Kc7 31. Rc1 Rd8 32. Nxd5+ Kb8 33.
Nc3 Rxe3 34. a3 Be7 35. Rg4 Bf6 36. Rf1 Bxd4 37. Rd1 Rxc3 38. Rgxd4 Rxd4 39.
Rxd4 Rg3 40. Rd2 a4 41. Kb1 Kc7 42. Kc2 Kb6 43. Kc1 Kc5 44. Rf2 b5 45. Kc2 Kd4
46. Rd2+ Kc4 47. Rf2 c5 48. Rf4+ Kd5 49. Rf2 Kd4 50. Rd2+ Ke4 51. Re2+ Kf4 52.
Rd2 c4 53. Rf2+ Kg4 54. Rd2 Rb3 55. Rd5 Kf4 56. Rc5 Kg3 57. Rg5+ Kf4 58. Rc5
Kg3 59. Rg5+  1/2-1/2

[Event "2. Bundesliga West 2019/20"]
[Site "Hotel Montfort, Galuragasse 7, 6800 Fekdkirch"]
[Date "2019.11.24"]
[Round "5"]
[Board "4"]
[White "Deglmann, Ludwig"]
[Black "Leeb, Simon"]
[Result "1/2-1/2"]
[WhiteElo "2258"]
[BlackElo "2203"]
[PlyCount "81"]
[EventDate "2019.10.04"]
[EventType "team"]
[EventRounds "11"]
[EventCountry "AUT"]
[WhiteTeam "Absam"]
[BlackTeam "Royal Salzburg"]

1. c4 c6 2. Nf3 d5 3. e3 Nf6 4. Nc3 g6 5. Be2 Bg7 6. b3 O-O 7. O-O Nbd7 8. Ba3
Nb6 9. Rc1 Bg4 10. d3 Re8 11. Ne5 Bf5 12. f4 Nfd7 13. Nxd7 Qxd7 14. d4 Qe6 15.
Kf2 Rad8 16. c5 Nd7 17. g4 Be4 18. Nxe4 Qxe4 19. Bd3 Qe6 20. Qf3 f6 21. Kg2 Nf8
22. Bb2 Qd7 23. f5 e6 24. e4 dxe4 25. Bxe4 exf5 26. gxf5 gxf5 27. Bxf5 Qd5 28.
Rce1 Qxf3+ 29. Kxf3 Ng6 30. Re4 Rxe4 31. Kxe4 Kf7 32. Bg4 Ne7 33. Bh5+ Ng6 34.
Bg4 Ne7 35. Rf2 Rd5 36. Kd3 Rg5 37. Bh3 Rg1 38. Bc3 Bh6 39. Rf1 Rxf1 40. Bxf1
f5 41. Bg2  1/2-1/2

[Event "2. Bundesliga West 2019/20"]
[Site "Hotel Montfort, Galuragasse 7, 6800 Fekdkirch"]
[Date "2019.11.24"]
[Round "5"]
[Board "5"]
[White "Mueller, Philipp"]
[Black "De Francesco, Klaus"]
[Result "1/2-1/2"]
[WhiteElo "2135"]
[BlackElo "2276"]
[PlyCount "60"]
[EventDate "2019.10.04"]
[EventType "team"]
[EventRounds "11"]
[EventCountry "AUT"]
[WhiteTeam "Royal Salzburg"]
[BlackTeam "Absam"]

1. c4 e6 2. g3 d5 3. Bg2 Nf6 4. Nf3 d4 5. e3 c5 6. exd4 cxd4 7. b4 a5 8. b5 Bc5
9. O-O O-O 10. d3 Nbd7 11. Re1 Re8 12. Bf4 Nf8 13. Ne5 N6d7 14. Qh5 Nxe5 15.
Qxe5 Bb4 16. Bd2 f6 17. Qh5 Bd6 18. Rc1 g6 19. Qe2 Bc5 20. Be1 Rb8 21. Nd2 b6
22. f4 Bb7 23. Ne4 Nd7 24. Bd2 Kg7 25. Rf1 Qc7 26. Rf2 Re7 27. Raf1 Rbe8 28. h4
f5 29. Ng5 Bxg2 30. Rxg2 Nf6  1/2-1/2

[Event "2. Bundesliga West 2019/20"]
[Site "Hotel Montfort, Galuragasse 7, 6800 Fekdkirch"]
[Date "2019.11.24"]
[Round "5"]
[Board "6"]
[White "Gerhold, Michael"]
[Black "Wieneroiter, Gerald"]
[Result "1/2-1/2"]
[WhiteElo "2210"]
[BlackElo "2147"]
[PlyCount "161"]
[EventDate "2019.10.04"]
[EventType "team"]
[EventRounds "11"]
[EventCountry "AUT"]
[WhiteTeam "Absam"]
[BlackTeam "Royal Salzburg"]

1. e4 c6 2. d4 d5 3. e5 Bf5 4. Nf3 e6 5. Be2 Ne7 6. O-O Nd7 7. Nbd2 h6 8. Nb3
Bh7 9. Bd2 Ng6 10. Rc1 Be7 11. c4 dxc4 12. Bxc4 O-O 13. Bd3 c5 14. Bxg6 Bxg6
15. dxc5 Be4 16. Re1 Bd5 17. Nfd4 Rc8 18. Ba5 Qe8 19. Nb5 Nxc5 20. Nxa7 Ra8 21.
Nxc5 Rxa7 22. Bb6 Rxa2 23. Nd3 Qb5 24. Bc5 Bxc5 25. Rxc5 Qb6 26. Qc1 Rd8 27. h3
Bc6 28. Re3 Qb3 29. Rc3 Qa4 30. Ra3 Rxa3 31. bxa3 Qb3 32. Ne1 Qa4 33. Rd3 Rxd3
34. Nxd3 Qe4 35. Ne1 Qxe5 36. Qd2 Qd5 37. Qc3 Qd1 38. Kh2 Qd6+ 39. Kg1 Qd5 40.
Kh2 Qf5 41. f3 e5 42. Qd2 e4 43. f4 g5 44. fxg5 hxg5 45. Nc2 Kh7 46. Ne3 Qe5+
47. Kh1 Qa1+ 48. Kh2 Qxa3 49. Ng4 Qe7 50. Qd4 e3 51. Nxe3 Qe4 52. Qc5 f6 53.
Kh1 Kg6 54. Kg1 Kf7 55. Qb6 Ke6 56. Qb3+ Kd6 57. Qb6 Kd7 58. Qc5 Qe5 59. Qa3
Kc7 60. Qb3 b5 61. Kf2 Qd4 62. Ke2 Kb6 63. Qg8 b4 64. Qe6 Kb5 65. Qf5+ Qe5 66.
Qd3+ Kb6 67. Kf2 Qf4+ 68. Ke2 Qe4 69. Qd8+ Kc5 70. Qf8+ Kb6 71. Qxf6 b3 72. Qc3
Bd5 73. Kd2 Kb5 74. Kc1 Be6 75. Kb2 Ka4 76. Qc5 Bg8 77. Qa7+ Kb4 78. Qb8+ Ka4
79. Qa7+ Kb4 80. Qb8+ Ka4 81. Qa7+  1/2-1/2

[Event "2. Bundesliga West 2019/20"]
[Site "Festsaal Marktplatz 3, 5620 Schwarzach"]
[Date "2020.01.17"]
[Round "6"]
[Board "1"]
[White "Fedorovsky, Michael"]
[Black "Barseghyan, Harutyun"]
[Result "1-0"]
[WhiteElo "2434"]
[BlackElo "2500"]
[PlyCount "127"]
[EventDate "2019.10.04"]
[EventType "team"]
[EventRounds "11"]
[EventCountry "AUT"]
[WhiteTeam "Jenbach 2"]
[BlackTeam "Sparkasse Neumarkt"]

1. d4 Nf6 2. Nf3 e6 3. g3 d5 4. Bg2 Be7 5. O-O O-O 6. c4 Nbd7 7. Qc2 c6 8. Nbd2
b6 9. e4 Bb7 10. e5 Ne8 11. cxd5 cxd5 12. Re1 Rc8 13. Qd3 Qc7 14. Nf1 Qc2 15.
Qxc2 Rxc2 16. Ne3 Rc8 17. Bd2 Nc7 18. Rec1 Nb8 19. Bf1 Ba6 20. Rc2 Bxf1 21.
Kxf1 Na8 22. Rac1 Rxc2 23. Rxc2 f6 24. Ke2 Kf7 25. exf6 gxf6 26. Ne1 Bd6 27.
Nd3 Ke7 28. f4 Nc7 29. f5 Nb5 30. Rc1 Nxd4+ 31. Kf2 Nxf5 32. Nxf5+ exf5 33. Nf4
Bxf4 34. Bxf4 Na6 35. b4 Kd7 36. a3 Rc8 37. Rxc8 Kxc8 38. Ke3 Kd7 39. Kd4 Kc6
40. h4 h5 41. b5+ Kxb5 42. Kxd5 Nc5 43. Kd6 Kc4 44. Ke7 b5 45. Kxf6 a5 46. Kxf5
b4 47. axb4 axb4 48. Be5 Kd5 49. Ba1 Ne4 50. Kf4 b3 51. Bb2 Nd6 52. Kg5 Ne4+
53. Kxh5 Nxg3+ 54. Kg4 Ne4 55. h5 Ke6 56. h6 Nd6 57. h7 Nf7 58. Bc3 Ke7 59. Kf5
Kf8 60. Kg6 Ke7 61. Kg7 Ke8 62. Bf6 Nh8 63. Kxh8 Kf7 64. Bg7  1-0

[Event "2. Bundesliga West 2019/20"]
[Site "Festsaal Marktplatz 3, 5620 Schwarzach"]
[Date "2020.01.17"]
[Round "6"]
[Board "2"]
[White "Farkas, Richard"]
[Black "Reich, Thomas"]
[Result "0-1"]
[WhiteElo "2280"]
[BlackElo "2376"]
[PlyCount "68"]
[EventDate "2019.10.04"]
[EventType "team"]
[EventRounds "11"]
[EventCountry "AUT"]
[WhiteTeam "Sparkasse Neumarkt"]
[BlackTeam "Jenbach 2"]

1. e4 c5 2. Nf3 Nc6 3. Bb5 Na5 4. c3 a6 5. Ba4 b5 6. Bc2 Bb7 7. d4 cxd4 8. cxd4
e6 9. O-O Rc8 10. Nbd2 Qc7 11. Bd3 Nf6 12. Qe2 Nc4 13. e5 Nd5 14. Ne4 Nb4 15.
Bb1 Nb6 16. Bg5 Nc2 17. Nd6+ Bxd6 18. exd6 Qc6 19. Bxc2 Qxc2 20. Qe5 f6 21.
Bxf6 Bxf3 22. Bxg7 Qg6 23. g3 Rg8 24. Bf6 Qg4 25. Qe3 Nd5 26. Qh6 Rg6 27. Qxh7
Rxf6 28. Rac1 Rd8 29. Rc5 Rf7 30. Qh8+ Rf8 31. Qh7 Qf5 32. Qh4 Qf6 33. Qh7 Rh8
34. Qd3 Rxh2  0-1

[Event "2. Bundesliga West 2019/20"]
[Site "Festsaal Marktplatz 3, 5620 Schwarzach"]
[Date "2020.01.17"]
[Round "6"]
[Board "3"]
[White "Pali, Philipp"]
[Black "Egger, Martin"]
[Result "1-0"]
[WhiteElo "2249"]
[BlackElo "2007"]
[PlyCount "97"]
[EventDate "2019.10.04"]
[EventType "team"]
[EventRounds "11"]
[EventCountry "AUT"]
[WhiteTeam "Jenbach 2"]
[BlackTeam "Sparkasse Neumarkt"]

1. c4 e6 2. g3 d5 3. Nf3 Nf6 4. Bg2 Be7 5. O-O O-O 6. b3 c5 7. Bb2 Nc6 8. e3
Ne4 9. d4 cxd4 10. exd4 f5 11. Nbd2 Bd7 12. a3 a5 13. Rc1 Be8 14. Ne5 Nxe5 15.
dxe5 Bc6 16. cxd5 exd5 17. Nf3 Bc5 18. Nd4 Qb6 19. Kh1 Bxd4 20. Bxd4 Qd8 21. f3
Ng5 22. h4 Ne6 23. f4 g6 24. Bc5 Nxc5 25. Rxc5 Qb6 26. Qc2 Kf7 27. Rd1 Rfd8 28.
Bxd5+ Rxd5 29. Rdxd5 Rc8 30. Qc4 Ke6 31. Rxc6+ Qxc6 32. Qxc6+ Rxc6 33. Rb5 b6
34. Kg2 Kd7 35. Rd5+ Ke7 36. Rd3 b5 37. Rd5 Rc2+ 38. Kh3 Ra2 39. Rxb5 Rxa3 40.
Rb7+ Kf8 41. h5 Kg8 42. hxg6 hxg6 43. Kh4 a4 44. bxa4 Rxa4 45. Kg5 Ra3 46. Kxg6
Rxg3+ 47. Kxf5 Ra3 48. Kf6 Ra6+ 49. e6  1-0